Super Smash Bros 64 - Statistics

General Stats
  • This quiz has been taken 212 times
  • The average score is 11 of 12
Answer Stats
Answer % Correct
Mario
99%
Luigi
94%
Samus
94%
Donkey Kong
93%
Pikachu
93%
Captain Falco
90%
Fox
90%
Kirby
89%
JigglyPuff
85%
Ness
85%
Link
84%
Yoshi
83%
No matching quizzes found
Score Distribution
Percent of People with Each Score
Percentile by Number Answered
Your Score History
You have not taken this quiz